[Event "Quebec op"]
[Site "Montreal"]
[Date "1991.08.01"]
[Round "6"]
[White "Girodias, Pierre"]
[Black "Morin, Louis"]
[Result "0-1"]
[WhiteElo "1704"]
[BlackElo "1963"]
[PlyCount "56"]
[EventDate "1991.07.27"]
[EventType "swiss"]
[EventRounds "8"]
[EventCountry "CAN"]
[SourceTitle "EXT 2022"]
[Source "ChessBase"]
[SourceDate "2021.10.06"]
[SourceVersion "1"]
[SourceVersionDate "2021.10.06"]
[SourceQuality "1"]

1. e4 c5 2. Nf3 e6 3. d4 cxd4 4. Nxd4 Nf6 5. Nc3 Nc6 6. Bg5 Qb6 7. Bxf6 gxf6 8. Nb3 a5 9. a4 Bb4 10. Qf3 Ke7 11. Bb5 d6 12. 0-0-0 Ne5 13. Qg3 Bxc3 14. Qxc3 Bd7 15. Bxd7 Nxd7 16. Nd4 Nc5 17. b3 Rac8 18. Qe3 Qb4 19. Kb2 Nxa4+ 20. Kc1 Rc3 21. Rd3 Rxd3 22. Qxd3 Nc5 23. Qe3 Ra8 24. f4 a4 25. e5 axb3 26. exd6+ Kd7 27. c3 Qa3+ 28. Kd2 Qb2+ 0-1